Kỹ thuật nuôi cá chép và cá mè

Nội dung sách giới thiệu kỹ thuật nuôi cá chép, cá mè và cách phòng và trị bệnh cho cá.

Gardado en:
Detalles Bibliográficos
Autor Principal: Vương, Trung Hiếu
Formato: Libro
Idioma:Undetermined
Publicado: Đồng Nai Tổng hợp Đồng Nai 2006
Những chủ đề:
Các nhãn: Engadir etiqueta
Sen Etiquetas, Sexa o primeiro en etiquetar este rexistro!
Thư viện lưu trữ: Trung tâm Học liệu Trường Đại học Cần Thơ
LEADER 00719nam a2200205Ia 4500
001 CTU_120491
008 210402s9999 xx 000 0 und d
020 |c 36000 
082 |a 639.31 
082 |b H309 
100 |a Vương, Trung Hiếu 
245 0 |a Kỹ thuật nuôi cá chép và cá mè 
245 0 |c Vương Trung Hiếu (biên soạn) 
260 |a Đồng Nai 
260 |b Tổng hợp Đồng Nai 
260 |c 2006 
520 |a Nội dung sách giới thiệu kỹ thuật nuôi cá chép, cá mè và cách phòng và trị bệnh cho cá. 
650 |a Fish - culture 
904 |i Hiếu 
980 |a Trung tâm Học liệu Trường Đại học Cần Thơ